00314nam a2200121Ia 4500008004100000020001400041050001500055100001800070245003000088260003700118300002400155650001300179150202s9999 xx 000 0 und d a553282808 aFIC bFIC  aUris, Leaon.  aMitia pass /cLeaon Uris. aNew York :bBantam Books,c1989. a495 pages :c18 cm. aFiction.